Régimen jurídico de las concesiones administrativas en el derecho romano.

Uloženo v:
Podrobná bibliografie
Hlavní autor: Castán Pérez-Gómez, Santiago (autor)
Médium: Kniha
Vydáno: Madrid, España: Dykinson, 1996.
Témata:
Tagy: Přidat tag
Žádné tagy, Buďte první, kdo vytvoří štítek k tomuto záznamu!

MARC

LEADER 00000nam a2200000 a 4500
001 UCI3621
003 CL-VaPUC
005 20220822114513.0
008 220620b1996 ||||| |||| 00| 0 eng d
999 |c 436153  |d 436151 
020 |a 84-8155-158-9 
040 |c Pontificia Universidad Católica de Valparaíso 
082 7 |a 342.37066 CAS 1996  |2 22 
100 0 |a Castán Pérez-Gómez, Santiago  |e autor  |9 525023 
245 1 0 |a Régimen jurídico de las concesiones administrativas en el derecho romano.  
260 |a Madrid, España:  |b Dykinson,  |c 1996. 
300 |a 270 páginas.  
500 |a c.1 Donación Familia Prof. Alejandro Guzmán Brito. 
583 |a last modification  |c 20071123 00:00:00  |k Cristina María Rojas Aguilar 
650 |a Concesiones administrativas   |x Derecho romano  |9 871055 
650 |a Derecho romano público  |9 871056 
942 |c BK  |2 ddc  |n 0 
952 |0 0  |1 0  |2 ddc  |4 0  |6 342_370660000000000_CAS_1996  |7 0  |8 C_AGB  |9 583892  |a BIBDER  |b BIBDER  |d 2022-06-20  |e Donación   |i 5652003  |o 342.37066 CAS 1996  |p 5652003  |r 2023-04-28  |t 1  |w 2022-06-20  |y BK_US  |k AGB